| 000 | 01258nam a2200385 i 4500 | ||
|---|---|---|---|
| 001 | 46230 | ||
| 003 | KOSZ 005 | ||
| 005 | 20221216090301.0 | ||
| 008 | 020709s2002 pl a f |000 0 pol | ||
| 015 | _aPB 2002/11272 | ||
| 020 | _a8320813913 | ||
| 040 |
_aWA N _cWA N _dKOSZ 005/HR |
||
| 046 | _k2002 | ||
| 080 | _a657 | ||
| 080 | _a658.14/.17 | ||
| 080 | _a(07) | ||
| 100 | 1 |
_aKiziukiewicz, Teresa _d(1947- ) _eAutor |
|
| 245 | 1 | 0 |
_aOrganizacja rachunkowości w przedsiębiorstwie / _cTeresa Kiziukiewicz. |
| 260 |
_aWarszawa : _bPolskie Wydawnictwo Ekonomiczne, _c2002. |
||
| 300 |
_a227, [5] s. : _bil. ; _c24 cm. |
||
| 336 |
_2rdacontent _aTekst _btxt |
||
| 337 |
_2rdamedia _aBez urządzenia pośredniczącego _bn |
||
| 338 |
_2rdacarrier _aWolumin _bnc |
||
| 380 | _aKsiążki | ||
| 388 | _a2001- | ||
| 504 | _aBibliogr., akty prawne. | ||
| 650 | 4 | _aFinanse przedsiębiorstwa | |
| 650 | 4 | _aRachunkowość | |
| 655 | 4 | _aPodręcznik | |
| 658 | _aGospodarka, ekonomia, finanse | ||
| 658 | _aZarządzanie i marketing | ||
| 710 | 2 |
_aPolskie Wydawnictwo Ekonomiczne _4pbl. |
|
| 856 |
_uhttp://koha.tu.koszalin.pl/cgi-bin/koha/opac-detail.pl?biblionumber=46230 _yKatalog online BPK |
||
| 942 |
_2UKD _cKS |
||
| 999 |
_c46230 _d46230 |
||